Statistiques concernant Qui est le plus grand ?

Cliquez ici pour prendre le quiz!

Statistiques générales

  • Ce quiz a été pris 342 fois
    (324 depuis la dernière actualisation)
  • Le résultat moyen est 12 sur 15

Statistiques - réponses

PaysOuPaysRéponse% Correct
RussieouChineRussie
100%
CanadaouÉtats-UnisCanada
99%
IndeouViet namInde
99%
PakistanouAfghanistanPakistan
96%
AlgérieouTchadAlgérie
91%
KazakhstanouTurquieKazakhstan
90%
Arabie SaouditeouÉgypteArabie Saoudite
87%
MexiqueouBrésilBrésil
87%
FranceouDanemarkFrance
83%
MalaisieouIndonésieIndonésie
73%
MongolieouTurquieMongolie
69%
BirmanieouThailandeBirmanie
58%
AustralieouNouvelle-ZélandeAustralie
54%
Sri lankaouOmanOman
48%
LibyeouSomalieLibye
41%

Distribution des résultats

Percentile par nombre de réponses

% des personnes avec chaque résultat

Votre développement - résultats

Vous n’avez pas pris ce quiz depuis la dernière actualisation